000 00567nam a22001937a 4500
008 150518b xxu||||| |||| 00| 0 eng d
020 _a9780073524238
020 _a0073524239
041 0 _aeng
100 1 _aKardong, Kenneth V.
245 1 0 _aVertebrates :
_cKenneth V. Kardong.
250 _a6th ed.
260 _aNew York :
_bMcGraw-Hill,
_cc2012.
300 _a794 f. :
_bme il.;
_c29 cm.
650 0 _aVertebrates
_xAnatomi.
650 0 _aVertebrates
_xPsikologji
650 0 _aVertebrates
_xEvoluimi
942 _2udc
_cBK
999 _c808
_d808